000 00838cam a2200265 a 4500
001 1661761
005 20180215031958.0
008 970618s1991 waua 001 0 eng d
010 _a 97163224
035 _a(OCoLC)28031773
035 _aNNRB (EA0730(00)) CF
040 _aNjPRFB
_cNjPRFB
_dDLC
041 _aeng
042 _alccopycat
080 _a005.133 DOS
082 0 0 _a005.133 DOS
_221
100 _a28
101 _aSHK
245 0 0 _aC++ tutorial for MS-DOS and Windows operating systems :
246 1 0 _aMicrosoft C/C++
740 0 _aC++ tutorial for MS - DOS and Windows operating systems.
906 _a7
_bcbc
_ccopycat
_d3
_encip
_f19
_gy-gencatlg
942 _2ddc
_cBK
999 _c42552
_d42552